Podział administracyjny Białorusi - Statystyki

Ogólne statystyki
  • Ten quiz został rozwiązany 8 razy
  • Średni wynik to 5 z 7
Statystyki odpowiedzi
Obwód % Poprawnych
Mińsk
100%
Miński
100%
Brzeski
86%
Grodzieński
86%
Witebski
57%
Homelski
43%
Mohylewski
43%
Nie znaleziono quizów pasujących do podanych kryteriów
Rozkład punktacji
Procent ludzi z każdym wynikiem
Percentyl według liczby udzielonych odpowiedzi
Twoja historia wyników
Nie rozwiązałeś tego quizu